000 00835nab a2200265 4500
003 BR-BrBNA
005 20250310134622.0
008 250310b bl.||||| |||| 00| 0 por d
040 _aBR-BrBNA
_bpor
072 _aL73
_b4150
100 _aAttuch, Leonardo
100 _aNicácio, Adriana
245 _aDe quem é a culpa pela aftosa
_bAgroeconomia
500 _a2 illus.
650 _aAFTOSA
650 _aDOENÇA ANIMAL
650 _aVÍRUS
650 _aPREJUÍZO
650 _aPERDA DA PRODUÇÃO
650 _aDEFESA ANIMAL
650 _aFISCALIZAÇÃO SANITÁRIA
773 0 _01706
_9347827
_dSão Paulo-SP Editora Três Ltda - E-mail: luizfsa@revistadinheiro.com.br 2004
_o2025-0328
_tDinheiro Rural (Brazil)
_x1807-3700
_gv. 2(13) p. 30-31; (Nov 2005)
_wBR2025000075
942 _cANA
999 _c330297
_d330297